000
00211 a2200097 4500
001
42975
100
_a
Madariaga
245
_a
Christopher Columbus
260
_a
London
_b
Hollis carter
_c
090
_c
26852
_d
26852
942
_a
NUST-CAE
_c
M
_c
18727
999
_c
278048
_d
278048